000 00327nam a2200133Ia 4500
008 100328s9999 xx 000 0 und d
082 _b74157
100 _aWeiss Brian.
245 _aSame Soul, Many Bodies.
260 _bPiatkus.
630 _aSame Soul, Many Bodies.
730 _aSame Soul, Many Bodies.
942 _cBOOK
999 _c559878
_d559875